Ảnh hưởng của basudin 50 ec lên cá lóc giống (Channa striata) ở nồng độ dưới ngưỡng gây chết : Luận án kỹ sư ngành môi trường

Đề tài tìm hiểu khả năng ảnh hưởng của Basudin 50EC (hoạt chất diazinon) đến sinh trưởng và sinh hóa cá lóc giống thông qua xem xét tốc độ tăng trưởng đặc biệt (SGR%/ngày) và hoạt tính enzyme acetylcholinesterase....

Descrición completa

Gardado en:
Detalles Bibliográficos
Autor Principal: Lư, Thị Hồng Ly
Nhiều tác giả của công ty: Bộ Giáo dục và Đào tạo, Trường Đại học Cần Thơ. Khoa Nông nghiệp và sinh học ứng dụng
Formato: Libro
Idioma:Undetermined
Publicado: Cần Thơ Trường Đại học Cần Thơ 2006
Những chủ đề:
Các nhãn: Engadir etiqueta
Sen Etiquetas, Sexa o primeiro en etiquetar este rexistro!
Thư viện lưu trữ: Trung tâm Học liệu Trường Đại học Cần Thơ
LEADER 01382nam a2200241Ia 4500
001 CTU_143403
008 210402s9999 xx 000 0 und d
082 |a 632.9 
082 |b L600 
100 |a Lư, Thị Hồng Ly 
110 |a Bộ Giáo dục và Đào tạo 
110 |b Trường Đại học Cần Thơ. Khoa Nông nghiệp và sinh học ứng dụng 
245 0 |a Ảnh hưởng của basudin 50 ec lên cá lóc giống (Channa striata) ở nồng độ dưới ngưỡng gây chết : 
245 0 |b Luận án kỹ sư ngành môi trường 
245 0 |c Lư Thị Hồng Ly; Nguyễn Văn Công, Nguyễn Xuân Lộc (giáo viên hướng dẫn) 
260 |a Cần Thơ 
260 |b Trường Đại học Cần Thơ 
260 |c 2006 
520 |a Đề tài tìm hiểu khả năng ảnh hưởng của Basudin 50EC (hoạt chất diazinon) đến sinh trưởng và sinh hóa cá lóc giống thông qua xem xét tốc độ tăng trưởng đặc biệt (SGR%/ngày) và hoạt tính enzyme acetylcholinesterase. 
650 |a Agricultural chemicals,Plant protection,Hoá chất nông nghiệp 
650 |x Pesticides,Thuốc trừ sâu 
904 |i Năm 
980 |a Trung tâm Học liệu Trường Đại học Cần Thơ